[Event "Sheikh Russel GM 2021"]
[Site "Dhaka"]
[Date "2021.10.20"]
[Round "2.18"]
[White "Abdyjapar, Asyl"]
[Black "Aditya Mittal"]
[Result "1/2-1/2"]
[WhiteElo "2391"]
[BlackElo "2447"]
[Annotator "TA"]
[PlyCount "127"]
[EventDate "2021.10.19"]
[EventType "swiss"]
[EventCountry "BAN"]
[SourceTitle "playchess.com"]
[Source "ChessBase"]
[SourceQuality "1"]

{[%evp 14,127,10,8,27,0,0,0,2,3,2,7,9,4,16,0,21,-11,45,-5,0,0,0,3,41,40,44,32,41,35,37,43,37,38,36,36,86,25,45,57,62,62,85,73,78,77,72,39,38,32,107,107,112,111,107,103,107,5,141,129,141,97,121,106,128,128,126,121,124,91,98,92,104,61,81,48,52,42,42,27,27,0,69,27,28,0,6,0,0,0,8,0,0,0,0,0,0,0,0,0,0,0,0,0,0,0,0,0,0,0,0,0,0,0,0,0]} 1. c4 Nf6 2. g3 e6 3. Bg2 d5 4. Nf3 d4 5. O-O c5 6. e3 Nc6 7. exd4 cxd4 8. d3 Bd6 {A13: English Opening: 1...e6.} 9. a3 a5 10. Bg5 h6 11. Bxf6 Qxf6 12. Nbd2 Qe7 13. Re1 O-O 14. Nb3 Rd8 15. Rc1 {[%cal Ba1c1,Bc1c4,Bc4a4][%mdl 32] [#]} Qf8 $146 (15... Bc7 $11) ({Predecessor:} 15... Bc7 16. c5 e5 17. Nxe5 Bxe5 18. f4 Be6 19. fxe5 Bd5 20. Nd2 Nxe5 21. Qe2 f6 {0-1 (51) Le,Q (2737)-Moiseenko,A (2667) Riadh 2017}) 16. c5 Bc7 17. Nbd2 {[%cal Bb3d2,Bd2e4,Be4d6][%mdl 32]} a4 18. Rc4 e5 19. Ne4 f5 20. Nd6 Bxd6 21. cxd6 Qxd6 22. Rxa4 Rb8 {Threatens to win with ...b5.} 23. Qb3+ Be6 24. Qb5 {[%cal Rf3e5]} Bd7 25. Qb6 (25. Rc4 $16) 25... Qf6 $1 $11 26. Rc4 Re8 27. Nd2 Ne7 28. Qxf6 gxf6 29. f4 Bb5 30. Rc5 $36 {[%mdl 2048] White fights for an advantage.} Bxd3 31. fxe5 b6 ({Better is} 31... Nc6 $14) 32. Rcc1 $16 fxe5 33. Rxe5 Ng6 34. Rxe8+ Rxe8 35. Nf3 Be4 (35... Ne5 $1 $11 {remains equal.}) 36. Nxd4 Rd8 37. Nf3 Rd3 38. Rc3 Rxc3 39. bxc3 {[%mdl 4096] Endgame KBN-KBN} Kf7 40. Kf2 Ke6 41. Bf1 f4 42. Nd2 Bd5 43. Be2 fxg3+ 44. hxg3 Ke5 45. Ke3 Ne7 46. g4 Ng6 47. Bd1 Nf4 (47... Be6 $11) 48. c4 Bb7 49. Bf3 Bc8 {The position is equal.} 50. Nb1 Be6 51. Nd2 Bc8 52. c5 {[#] aiming for Nc4+.} Nd5+ 53. Kd3 {Nc4+ is the strong threat.} Nf4+ 54. Kc4 (54. Kc3 {is more complex.} bxc5 55. Nc4+ Ke6 56. g5 h5 57. Nb6) 54... Ba6+ 55. Kc3 bxc5 56. Nc4+ Ke6 57. Ne3 Ne2+ 58. Kd2 Nd4 59. Bd1 Ke5 60. a4 Ke4 61. Ng2 Nf3+ 62. Kc3 Ne5 63. Nh4 Kf4 64. Ng2+ {Weighted Error Value: White=0.11/Black=0.13} 1/2-1/2

[Event "Sheikh Russel GM 2021"]
[Site "Dhaka"]
[Date "2021.10.20"]
[Round "2.19"]
[White "Aronyak Ghosh"]
[Black "Kislinsky, Alexey"]
[Result "1-0"]
[WhiteElo "2445"]
[BlackElo "2335"]
[Annotator "TA"]
[PlyCount "119"]
[EventDate "2021.10.19"]
[EventType "swiss"]
[EventCountry "BAN"]
[SourceTitle "playchess.com"]
[Source "ChessBase"]
[SourceQuality "1"]

{[%evp 9,119,48,50,41,50,39,46,49,39,47,47,47,54,49,75,70,77,39,78,66,86,85,84,81,81,81,76,52,82,62,112,125,166,166,166,166,183,136,136,136,136,134,136,136,136,136,136,136,136,136,136,136,136,136,136,136,136,136,136,136,136,136,168,173,346,181,170,157,200,200,188,159,210,210,210,203,270,203,203,177,203,203,201,189,201,235,289,276,294,285,338,251,848,616,606,609,468,474,551,467,467,467,467,467,467,467,1292,462,1595,1543,2089,1808]} 1. d4 Nf6 2. Bg5 Ne4 3. Bf4 Nc6 4. f3 Nf6 5. e4 d5 6. e5 {A45: Trompowsky Attack.} Nd7 7. Be3 Nb6 {[#]} 8. c3 $146 {White is slightly better.} ({Predecessor:} 8. f4 Bf5 9. Nf3 e6 10. Nc3 Be7 11. Bd3 Nc4 12. Bc1 Bxd3 13. Qxd3 f5 14. exf6 Bxf6 {1-0 (75) Djordjevic,V (2823)-Naroditsky,D (2952) Chess.com INT 2019}) 8... Bf5 9. f4 e6 10. Nf3 h5 11. a4 {[%cal Ba2a4,Ba4a5][%mdl 32]} a6 12. Nbd2 h4 13. Be2 Ne7 14. O-O Bg4 15. a5 Nd7 16. b4 Nf5 17. Bf2 Be7 18. Nb3 c6 19. Nc5 Qc7 {[#]} 20. Nxh4 $1 {[%mdl 512]} Bxh4 (20... Bxe2 21. Nxf5) 21. Bxg4 Bxf2+ 22. Rxf2 g6 23. Bxf5 gxf5 24. Qd3 O-O-O 25. Re1 {[%cal Ba1e1,Be1e3,Be3g3,Bg3g5][%mdl 32]} Rh4 26. Nxd7 Kxd7 27. Re3 Rdh8 28. h3 Qd8 29. Rg3 Qf8 30. Rg5 Qh6 {intending ...Rxf4.} 31. Qg3 Qf8 32. Rg7 Ke8 33. Rf3 R4h5 34. Rg5 R5h7 35. Qf2 Qe7 36. Rfg3 Kf8 $2 (36... Qf8 37. Kh1 Kd7) 37. Kf1 (37. c4 $142) 37... Qd8 $18 38. Ke2 Qe7 39. Ke3 Qd8 40. Qb2 {aiming for b5!} Qe7 (40... Ke7 $16 41. Qd2 Qf8) 41. c4 dxc4 42. Qc3 Ke8 43. Qxc4 Rf8 44. Qc5 Qxc5 45. bxc5 {[%mdl 4096] Endgame KRR-KRR} (45. dxc5 $6 Ke7) 45... Rhh8 46. Rf3 Ke7 47. g4 fxg4 48. hxg4 ({Resist} 48. Rxg4 $6 Rh5 $16) 48... Rh1 {[#]} 49. f5 $1 Ra1 50. fxe6 {Strongly threatening Rf6.} Rxa5 $2 (50... Ra3+ 51. Ke4 Rxf3 52. Kxf3 fxe6+ 53. Ke3 Kf7) 51. Rxf7+ {White is clearly winning.} Rxf7 52. exf7 Kxf7 {KR-KR} 53. Rf5+ Ke8 54. g5 {g6 is the strong threat.} Ra1 {Black hopes to continue with ...Rg1.} 55. g6 Rg1 56. Rf7 Rxg6 57. Rxb7 a5 (57... Rh6 $142 58. Ra7 Rh3+ 59. Ke4 Rh4+ 60. Kf5 Rxd4) 58. Ra7 (58. Kf4 $142 Rh6 59. Kg5) 58... Rg3+ (58... Rh6 $142 59. d5 cxd5) 59. Kf4 Ra3 60. Rc7 {Weighted Error Value: White=0.27/Black=0.19} 1-0

[Event "Sheikh Russel GM 2021"]
[Site "Dhaka"]
[Date "2021.10.20"]
[Round "2.20"]
[White "Girinath, P.D.S."]
[Black "Malakhatko, Vadim"]
[Result "0-1"]
[WhiteElo "2335"]
[BlackElo "2444"]
[Annotator "TA"]
[PlyCount "100"]
[EventDate "2021.10.19"]
[EventType "swiss"]
[EventCountry "BAN"]
[SourceTitle "playchess.com"]
[Source "ChessBase"]
[SourceQuality "1"]

{[%evp 9,100,-10,0,13,22,0,5,-2,14,0,0,13,7,0,16,7,8,0,15,-8,55,51,49,43,50,49,57,27,47,3,10,15,20,0,0,0,0,0,0,-6,-6,-6,-10,-20,-8,-9,-13,-13,-9,-21,-16,-10,-9,-14,-10,-27,0,-141,-143,-152,-125,-172,-215,-310,-313,-325,-325,-311,-300,-264,-197,-236,-209,-201,-197,-354,-342,-429,-392,-432,-369,-535,-529,-544,-515,-468,-460,-429,-417,-699,-674,-29988,-29989]} 1. e4 c5 2. Nf3 e6 3. b3 b6 4. Bd3 Bb7 5. O-O d6 6. Bb2 {B40: Sicilian: 2...e6, Unusual lines.} a6 7. c3 Nf6 8. Re1 {[#] The position is equal.} g6 $146 ({Predecessor:} 8... Be7 9. Bc2 Nc6 10. a3 d5 11. e5 Nd7 12. d4 g5 13. Nfd2 h5 14. Nf1 Qc7 {0-1 (32) Buchenau,F (2268)-Martinez Pla,X (2145) Barcelona 2016}) 9. Bc2 Bg7 10. d4 O-O 11. Nbd2 Nc6 12. a3 Qc7 13. Rc1 Bh6 14. d5 Ne7 (14... exd5 $11 15. exd5 Nxd5) 15. c4 $14 e5 16. Rb1 Nh5 17. Nf1 Rad8 18. Ng3 Nf4 19. Ne2 (19. Bc1 {keeps more tension.} f6 20. Be3 Bc8 21. b4 f5 22. h3) 19... Nxe2+ 20. Qxe2 Bc8 21. h3 f5 22. b4 fxe4 23. Bxe4 Nf5 24. bxc5 bxc5 25. Qd3 Nd4 26. Nxd4 exd4 27. Bc1 Bxc1 28. Rbxc1 Qf7 29. Re2 Rde8 {[%cal Bd8e8,Be8e5,Be5g5][%mdl 32]} 30. Rce1 Re5 31. Qd2 Qf6 32. Bd3 Rg5 33. f4 {Black converts the advantage convincingly.} (33. Kh2 $11 {keeps the balance.}) 33... Qxf4 $17 34. Qxf4 Rxf4 35. Re8+ Rf8 36. Kh2 {[#]} (36. Rxf8+ $142 Kxf8 37. Kf2) 36... Bf5 $1 $19 {[%cal Rf5d3]} 37. Bxf5 Rgxf5 {[%mdl 4096] Endgame KRR-KRR} 38. R8e7 R5f7 39. R7e6 Rd7 40. Kg3 Kg7 41. h4 a5 42. h5 $2 {[#]} (42. Rb1) 42... gxh5 43. Kh4 Rf2 44. Rg1 Rf6 45. Re4 (45. Rge1 {might work better.}) 45... Rdf7 46. Kxh5 Rf4 47. Rxf4 Rxf4 48. Kg5 Rf2 49. g4 (49. Re1 $142 h6+ 50. Kg4) 49... d3 50. Rg3 h6+ {Weighted Error Value: White=0.51/Black=0.10} 0-1

[Event "Sheikh Russel GM 2021"]
[Site "Dhaka"]
[Date "2021.10.20"]
[Round "2.21"]
[White "Das, Sayantan"]
[Black "Subhayan Kundu"]
[Result "1-0"]
[WhiteElo "2444"]
[BlackElo "2329"]
[Annotator "TA"]
[PlyCount "45"]
[EventDate "2021.10.19"]
[EventType "swiss"]
[EventCountry "BAN"]
[SourceTitle "playchess.com"]
[Source "ChessBase"]
[SourceQuality "1"]

{[%evp 13,45,12,15,11,18,31,50,58,69,50,69,39,131,69,80,89,252,245,235,153,143,137,147,122,119,126,130,147,234,235,281,235,642,656]} 1. d4 d5 2. c4 dxc4 3. e3 e6 4. Bxc4 Nf6 5. Nf3 c5 6. O-O a6 7. a4 {7.b3 is a critical line.} b6 8. Qe2 {D27: Queen's Gambit Accepted: Classical main line: 7 e4!? and 7 a4.} Nc6 9. Rd1 cxd4 10. exd4 {White is slightly better.} Be7 11. Nc3 {[#] Hoping for d5.} Nd5 $146 ({Predecessor:} 11... Nb4 12. Ne5 O-O 13. Bg5 Nfd5 14. Bxd5 exd5 15. Na2 Bxg5 16. Nxb4 Qd6 17. Na2 f6 18. Ng4 Qd7 19. Ne3 Bxe3 20. Qxe3 Qxa4 {½-½ (102) Nazaretyan,T (2300)-Medzinovskiy,P (2213) Voronezh 2018}) 12. Ne5 Ncb4 {[#]} (12... Nxc3 $1 $14 13. bxc3 Nxe5 14. dxe5 Qc7) 13. Nxd5 ({Better is} 13. Qg4 $1 $16) 13... exd5 $14 {[#]} 14. Bd2 $1 {Threatens to win with Bxb4.} Be6 $2 (14... O-O $16 {was worth a try.}) 15. Bxb4 $18 Bxb4 16. Bb5+ Kf8 17. Bxa6 {Strongly threatening Nc6.} Bd6 18. Bb5 g6 19. Bc6 $36 {[%mdl 2048] White is in control.} Rc8 20. Qb5 Bb8 (20... Bxe5 $16 21. dxe5 Kg7) 21. Bd7 Rc2 {[#]} 22. Qd3 $1 {aiming for Bxe6.} Rxb2 $2 (22... Qc7 23. Bxe6 fxe6) 23. Bxe6 {Weighted Error Value: White=0.17/Black=0.56} 1-0

[Event "Sheikh Russel GM 2021"]
[Site "Dhaka"]
[Date "2021.10.20"]
[Round "2.22"]
[White "Mohammad Fahad, Rahman"]
[Black "Gleizerov, Evgeny"]
[Result "1/2-1/2"]
[WhiteElo "2330"]
[BlackElo "2443"]
[Annotator "TA"]
[PlyCount "67"]
[EventDate "2021.10.19"]
[EventType "swiss"]
[EventCountry "BAN"]
[SourceTitle "playchess.com"]
[Source "ChessBase"]
[SourceQuality "1"]

{[%evp 16,67,9,0,23,27,34,12,35,22,35,34,44,25,28,0,0,0,0,0,0,-2,0,-9,-9,-22,-19,-19,-23,-28,-38,-33,-14,-46,-20,-63,-62,-76,-48,-83,-19,-19,-3,-4,-3,-4,-4,-3,0,-8,-6,-15,0,-22]} 1. e4 e6 2. d4 d5 3. Nc3 Nf6 4. Bg5 Be7 5. e5 Nfd7 6. Bxe7 Qxe7 7. f4 O-O 8. Nf3 c5 9. Nb5 {Black must now prevent Nc7.} cxd4 {C14: French: Classical System: 4 Bg5 Be7 main line.} 10. Bd3 f6 11. O-O {Threatens to win with Nc7.} Nc6 12. Qe2 Nc5 13. Nbxd4 f5 14. Kh1 Bd7 {[#]} 15. c4 $146 ({Predecessor:} 15. c3 Be8 16. Rae1 Bh5 17. Qe3 a6 18. Bb1 Rac8 19. c4 Bxf3 20. Nxf3 Rfd8 21. cxd5 Rxd5 22. a3 b6 23. b4 Na4 24. Ba2 Nb2 25. Bxd5 exd5 26. Qd2 {1-0 (26) Brezovsky,M-Sykora,R (2110) Czech Republic 1998}) 15... Nb4 16. Bb1 dxc4 $1 17. Qxc4 Nd5 18. Qc1 Rac8 {aiming for ...Nb3!} 19. Qd2 Ne4 $36 {[%mdl 2048] Black has some pressure.} 20. Nxf5 Nxd2 21. Nxe7+ Nxe7 22. Nxd2 Bb5 23. Re1 Rxf4 24. Be4 (24. Ne4 {is more complex.} Rcf8 25. Bc2 Bc6 26. Kg1 Ng6 27. Rac1) 24... Bc6 25. Kg1 Bxe4 26. Nxe4 Rc2 27. Rad1 Nd5 (27... Nc6 $17 28. g3 Rf5) 28. g3 $11 {The position is equal.} Rf8 29. Rd2 Rxd2 30. Nxd2 Rc8 31. Nf3 h6 32. Re2 Kf7 33. Kf2 g5 34. a3 {Weighted Error Value: White=0.10/Black=0.11} 1/2-1/2

[Event "Sheikh Russel GM 2021"]
[Site "Dhaka"]
[Date "2021.10.20"]
[Round "2.23"]
[White "Arpita, Mukherjee"]
[Black "Solodovnichenko, Yuri"]
[Result "0-1"]
[WhiteElo "2229"]
[BlackElo "2577"]
[Annotator "TA"]
[PlyCount "126"]
[EventDate "2021.10.19"]
[EventType "swiss"]
[EventCountry "BAN"]
[SourceTitle "playchess.com"]
[Source "ChessBase"]
[SourceQuality "1"]

{[%evp 11,126,15,13,11,31,18,19,8,11,0,0,0,0,0,8,2,33,27,33,11,28,12,23,0,54,0,8,0,0,0,0,0,0,0,0,0,10,-58,-42,-40,-11,-10,-6,-15,0,-40,0,-48,-55,-60,0,0,0,0,0,0,0,0,0,0,0,0,0,0,8,10,18,0,0,0,14,0,-3,-15,-14,-12,-17,-16,-16,-24,-26,-41,-21,-91,-79,-93,0,-3,-8,-8,0,-214,-233,-421,-395,-447,-439,-483,-325,-282,-131,-656,-656,-629,-639,-647,-620,-541,-548,-5792,-5708,-5522,-5479,-4805,-4622,-1379,-1118]} 1. e4 c5 2. Nf3 e6 3. d3 d6 4. g3 b6 5. Bg2 Bb7 6. O-O Nf6 {6...Nd7 is more fashionable.} 7. c3 {A05: Réti Opening: 1 Nf3 Nf6.} Nbd7 8. Nbd2 Be7 9. Re1 {The position is equal.} O-O 10. d4 cxd4 11. cxd4 Rc8 12. b3 {[#]} d5 $146 {[%cal Rf6e4]} ({Predecessor:} 12... b5 13. a4 bxa4 14. Rxa4 a6 15. Bb2 d5 16. e5 Ne8 17. Bf1 Nc7 18. Bc3 Bc6 {0-1 (39) Jansa,V (2478)-Ponizil,C (2398) Czech Republic 2012}) 13. e5 Ne8 14. Bb2 Nc7 15. Rc1 b5 16. Bf1 b4 17. Bd3 Nb8 (17... Ba6 $11 18. Nf1 Bxd3 19. Qxd3 a6) 18. h4 Ba6 $1 {[%cal Ra6d3]} 19. Qe2 Bxd3 20. Qxd3 a6 21. Nb1 Nb5 22. Rxc8 Qxc8 23. Ng5 {[%csl Gg5][%cal Rd3h7] [#]} g6 24. Bc1 (24. Nd2 $11) 24... Nc6 25. Be3 f6 26. exf6 Bxf6 {[%cal Rc6d4]} 27. Nf3 Bg7 28. Nbd2 Qd7 29. h5 gxh5 30. Kg2 Qf7 (30... Bf6 $15) 31. Ng5 $11 {[%csl Gg5][%cal Rd3h7]} Qf5 32. Qxf5 Rxf5 33. Nxe6 Ncxd4 34. Nxg7 Kxg7 35. Bxd4+ Nxd4 {[%mdl 4096] Endgame KRN-KRN} 36. Re7+ Rf7 37. Re5 Rd7 38. Rxh5 Nb5 39. Kf3 Rf7+ 40. Kg2 Rd7 41. Kf3 Nc3 42. Ke3 Nxa2 43. Kd4 Nc3 44. Kc5 Rb7 45. Rh4 a5 46. Rd4 Kf6 47. g4 (47. Rh4 $11) 47... Ke6 48. f4 Rc7+ (48... Rb5+ $17 49. Kc6 Rb8) 49. Kb6 Kd6 {And now ...Rc8 would win.} 50. f5 $1 Rc8 {Hoping for ...Rb8+.} 51. Kb7 ({But not} 51. Kxa5 $2 Kc5 $19) (51. Nc4+ $1 $11 Rxc4 52. bxc4) 51... Rf8 $19 52. Nf3 $2 (52. Rf4 {keeps fighting.}) 52... h5 53. gxh5 Rxf5 {[%mdl 64] Double Attack} 54. Rd3 Rxh5 {Strongly threatening ...a4.} 55. Kb6 {[#]} Rh8 (55... a4 $1 $19 {[%cal Ra4a3]} 56. bxa4 Nxa4+ 57. Kb5 Nc5) 56. Kxa5 $2 {[%mdl 8192] Loses the game.} (56. Nd4 $17) 56... Kc5 {[%cal Rh8a8] Black is clearly winning.} 57. Ka6 Rh6+ 58. Kb7 Rh7+ 59. Kc8 Nb5 60. Ne5 Na7+ 61. Kd8 Nc6+ 62. Nxc6 Kxc6 63. Rd1 Kc5 {Weighted Error Value: White=0.34/Black=0.16} 0-1

[Event "Sheikh Russel GM 2021"]
[Site "Dhaka"]
[Date "2021.10.20"]
[Round "2.24"]
[White "Krasenkow, Michal"]
[Black "Rahman, Taibur"]
[Result "1-0"]
[WhiteElo "2578"]
[BlackElo "2223"]
[Annotator "TA"]
[PlyCount "87"]
[EventDate "2021.10.19"]
[EventType "swiss"]
[EventCountry "BAN"]
[SourceTitle "playchess.com"]
[Source "ChessBase"]
[SourceQuality "1"]

{[%evp 17,87,18,22,0,15,8,14,8,26,16,25,0,29,-16,0,0,0,0,0,0,0,0,4,7,19,1,0,0,12,0,0,-1,5,0,25,23,19,15,47,6,6,6,8,8,54,43,64,66,77,77,368,405,1004,1001,640,587,978,917,841,715,1516,1450,1499,1443,1864,922,2006,1976,2319,2317,2639,2498]} 1. Nf3 d5 2. d4 Nf6 3. c4 e6 4. Nc3 Be7 5. Bg5 h6 6. Bh4 O-O 7. e3 Ne4 8. Bxe7 Qxe7 9. Rc1 c6 10. h4 {D56: Queen's Gambit Declined: Lasker Defence.} Nd7 11. g4 Nxc3 12. Rxc3 {The position is equal.} dxc4 13. Bxc4 b5 14. Bd3 e5 {[#]} 15. Bf5 $146 ({Of course not} 15. Rxc6 e4 $17) (15. Bb1 $5 {[%cal Rd1c2]}) ({Predecessor:} 15. Bb1 Bb7 16. Qc2 f5 17. dxe5 c5 18. gxf5 Bxf3 19. f6 gxf6 20. Rg1+ Kh8 21. Qg6 {½-½ (37) Baum,H (2356)-Grube,F (2221) ICCF email 2014}) 15... exd4 16. Qxd4 c5 17. Qe4 Qxe4 18. Bxe4 Rb8 19. g5 Re8 20. Bc6 Ne5 21. Nxe5 ({Wrong is} 21. Rxc5 $2 Nxc6 22. gxh6 Nb4 $19) 21... Rxe5 22. f4 b4 23. fxe5 bxc3 24. bxc3 $11 {[%mdl 4096] Endgame KRB-KRB} Be6 25. Kd2 Rb2+ 26. Kd3 hxg5 27. hxg5 Rxa2 28. Rb1 (28. g6 {looks sharper.} Ra6 29. Ba8 f6 30. Rb1 Kf8 31. Rb8+) 28... g6 29. Rb8+ Kg7 30. Rb7 c4+ 31. Kd4 Rd2+ 32. Kc5 $1 a5 33. e4 {Hoping for Bd5.} Rd8 {[%mdl 8192] Loses the game.} (33... Kf8 $16) 34. Bd5 $18 {[#] Black must now prevent Bxe6.} Rc8+ (34... Rd7 $142 35. Kb5 a4 36. Rxd7 (36. Kxa4 $2 Bxd5 37. Rxd7 Bc6+ {[%mdl 64] Double Attack} 38. Kb4 Bxd7 $19) 36... Bxd7+ 37. Kxc4 Kf8) 35. Kd4 {White is clearly winning.} Kf8 36. Ra7 Rb8 37. Rxa5 Rb1 38. Kxc4 Rg1 39. Kc5 Rxg5 40. Kd6 Rg3 41. c4 (41. Bxe6 $142 fxe6 42. c4) 41... Rc3 42. c5 {[%cal Bc4c5,Bc5c6][%mdl 32]} g5 43. c6 Bh3 44. Ra7 {Weighted Error Value: White=0.11/Black=0.32} 1-0

[Event "Sheikh Russel GM 2021"]
[Site "Dhaka"]
[Date "2021.10.21"]
[Round "3.1"]
[White "Mosadeghpour, Masoud"]
[Black "Asadli, Vugar"]
[Result "1/2-1/2"]
[WhiteElo "2486"]
[BlackElo "2585"]
[Annotator "TA"]
[PlyCount "142"]
[EventDate "2021.10.19"]
[EventType "swiss"]
[EventCountry "BAN"]
[SourceTitle "playchess.com"]
[Source "ChessBase"]
[SourceQuality "1"]

{[%evp 9,142,21,23,22,33,18,24,26,32,0,0,0,0,0,0,0,0,0,0,0,0,0,0,-201,-184,-194,0,-18,-8,-23,0,0,0,-11,8,12,14,13,92,100,98,102,83,112,100,95,130,128,116,116,116,0,0,0,0,0,5,6,109,0,0,0,0,0,0,0,0,0,0,-25,0,0,0,0,0,0,0,0,0,12,6,8,9,19,33,29,84,92,87,0,44,40,151,128,216,33,176,183,134,109,558,553,549,547,486,481,425,0,0,0,0,0,0,0,7,10,11,27,551,16,113,0,0,0,0,0,0,0,0,0,0,0,0,0,-28000]} 1. e4 c6 2. d4 d5 3. f3 dxe4 4. fxe4 e5 5. Nf3 Bg4 6. c3 {B12: Caro-Kann: Advance Variation.} Nd7 7. Bd3 Ngf6 8. O-O {White has an edge.} Bd6 9. Na3 $1 {[%mdl 4] [#] is recently more successful than 9.Nbd2.} Bxa3 $146 ({Predecessor:} 9... b5 10. Nc2 Bh5 11. Ne3 O-O 12. Nf5 Qc7 13. Qc2 Bg6 14. Nxd6 Qxd6 15. Bg5 c5 16. dxe5 Nxe5 17. Nxe5 Qxe5 18. Bxf6 gxf6 19. Bxb5 Bxe4 {½-½ (60) Caruana,F (2828)-Firouzja,A (2728) Stavanger 2020}) 10. bxa3 O-O 11. Rb1 Re8 12. h3 Bh5 13. Rxb7 exd4 14. cxd4 {Threatens to win with e5.} Nxe4 15. Qc2 Ndf6 16. Bb2 $2 (16. Qxc6 $2 Bxf3 17. gxf3 (17. Rxf3 $2 Rc8 $19) 17... Qxd4+ 18. Kg2 Rac8 $1 $19) (16. Bf4 $11 {and White is okay.}) 16... Ng3 $19 17. Rf2 Nge4 $2 ({Black should play} 17... Nfe4 $1 $19 18. Ne5 Nxf2 19. Qxf2 Rxe5 20. Qxg3 Re7) 18. Rf1 $1 $11 Nd6 19. Rb3 Bxf3 20. Rxf3 Re1+ 21. Bf1 Qe7 22. Qxc6 Rc8 23. Qa6 Nd5 (23... Nfe4 $11 {keeps the balance.}) 24. a4 $16 g6 25. Ba3 Rd8 26. Qa5 Nb6 27. Kh2 h5 {[#]} 28. Rb5 $1 {[%mdl 512]} Rd1 {[#]} 29. Rxh5 $1 {[%mdl 512] And now Bd3 would win.} Rxf1 30. Re5 ({White has to play} 30. Rxf1 $16 Nbc4 31. Qc5 (31. Re5 Qd7 $16) 31... Nxa3 32. Re5) 30... Rxf3 $11 31. Rxe7 Rxa3 32. Rxa7 Ndc8 {[#]} 33. Qb4 $1 Rd3 (33... Rxa2 $11 34. Rxf7 Rxa4) 34. Ra6 (34. Rb7 $1 $16) 34... R3xd4 35. Qb3 Rd3 36. Qb5 R8d5 37. Qe8+ Kg7 38. a5 Nd6 39. Qd8 Nbc8 40. Rc6 Na7 41. Rb6 Rd2 42. a6 Ndc8 43. Qf6+ Kg8 44. Rb4 Rf5 $1 {[%cal Rf5f6]} 45. Qc3 Rff2 $132 {[%mdl 2048] Black is not holding back} 46. Rg4 Rc2 47. Qb3 {[%mdl 1024] Black must now prevent Rxg6+. White has compensation.} Kf8 (47... Kg7 $1 $11) 48. a4 $16 Nc6 {[#]} 49. Qg3 (49. h4 $1 $16) 49... Rfd2 50. Qc7 N6a7 (50... N6e7 $14 51. Qb7 Rb2) 51. Qe5 Nd6 (51... Ne7 $16) 52. Qh8+ Ke7 53. Qb8 Ndc8 54. Qe5+ Kf8 $2 {[%mdl 8192]} (54... Kd7 $16) 55. Qh8+ $18 Ke7 56. Re4+ Kd7 57. Qe8+ {[%mdl 64] Double Attack} Kd6 58. Qe5+ $2 (58. Rg4 $18) 58... Kc6 $11 59. Qe8+ Kb6 60. Qxf7 Rxg2+ 61. Kh1 Nd6 62. Re6 {[%mdl 64] Double Attack} Rh2+ 63. Kg1 Rcg2+ $1 64. Kf1 Rd2 $1 {[%cal Rh2h1] [#]} 65. Rxd6+ Rxd6 {[%cal Rd6d1] The position is equal.} 66. Qb7+ Ka5 {[%cal Rd6d1]} 67. Qc7+ Rb6 {aiming for ...Rhb2.} 68. Qxh2 {Strongly threatening Qd2+.} Rb1+ 69. Kg2 Rb2+ {[%mdl 64] Skewer} 70. Kg3 Rxh2 71. Kxh2 Kxa6 $2 {[%mdl 40960] Both players deserved the win here.  Weighted Error Value: White=0.27/Black=0.34. An unexpected result.} (71... g5 $11) 1/2-1/2

[Event "Sheikh Russel GM 2021"]
[Site "Dhaka"]
[Date "2021.10.21"]
[Round "3.2"]
[White "Bernadskiy, Vitaliy"]
[Black "Rasulov, Vugar"]
[Result "1-0"]
[WhiteElo "2580"]
[BlackElo "2452"]
[Annotator "TA"]
[PlyCount "83"]
[EventDate "2021.10.19"]
[EventType "swiss"]
[EventCountry "BAN"]
[SourceTitle "playchess.com"]
[Source "ChessBase"]
[SourceQuality "1"]

{[%evp 9,83,0,0,0,0,0,35,37,36,35,28,33,30,43,39,39,39,42,39,42,34,35,49,16,32,45,54,33,86,73,89,15,32,22,20,0,48,55,35,46,52,51,47,81,219,206,222,236,256,187,188,180,413,406,372,416,416,376,408,417,386,389,453,386,393,300,334,302,504,484,529,540,477,468,749,704]} 1. e4 c5 2. Nc3 e6 3. d4 cxd4 4. Qxd4 Nc6 5. Qe3 Nf6 6. Nf3 {B23: Closed Sicilian: Lines without g3.} Bb4 7. Bd2 d5 (7... d6 {seems wilder.} 8. Bd3 O-O 9. O-O e5 10. a3 Bc5) 8. exd5 {White is slightly better.} Nxd5 9. Nxd5 Qxd5 {[#]} 10. Bd3 $146 ({Predecessor:} 10. O-O-O Bxd2+ 11. Rxd2 Qa5 12. Bc4 O-O 13. Rhd1 Rd8 14. Ne5 Rxd2 15. Nxc6 Rxd1+ 16. Kxd1 bxc6 {0-1 (22) Lombardi,D (909)-Ogaki,H (865) LSS email 2012}) 10... Bxd2+ 11. Nxd2 Qd4 12. Qxd4 Nxd4 13. O-O-O Ke7 14. Nc4 Rd8 15. Rd2 g6 16. Rhd1 Nf5 17. g4 Nh4 18. f4 f6 (18... Rd4 $14) 19. Be4 $16 Rxd2 20. Kxd2 (20. Rxd2 $16 h6 21. Rd3) 20... h6 21. Re1 Rb8 22. f5 b6 23. fxg6 Bb7 24. Bxb7 Rxb7 $14 {[%mdl 4096] Endgame KRN-KRN} 25. g7 Rb8 {[#] Threatens to win with ...Nf3+.} 26. Re3 b5 {Loses the game.} (26... Rd8+ $16 {might work better.} 27. Rd3 Rxd3+ 28. Kxd3 Kf7) 27. Na5 $18 {Strongly threatening Nc6+.} Kf7 28. Nc6 Ra8 29. Rh3 Ng6 30. Rd3 ({Much less strong is} 30. Rxh6 $6 Kxg7 31. Rh3 a5 $16) 30... a6 $2 {[#]} (30... Kxg7 {was called for.} 31. Rd7+ Kg8 32. Rxa7 Rc8) 31. Rd8 Rxd8+ 32. Nxd8+ Kxg7 33. Nxe6+ {KN-KN} Kf7 34. Nc7 Ne5 35. h3 Kg6 36. Nxa6 Kg5 37. Nc7 Kh4 38. Nd5 ({Resist} 38. Nxb5 Kxh3 39. a4 Kxg4 $18) 38... Nd7 $2 (38... Kxh3 39. Ne3 (39. Nxf6 Kh4 $16) 39... Nxg4) 39. Nf4 {White is clearly winning.} Kg3 40. Ke3 Ne5 41. b3 Nc6 (41... b4 $142 42. Nd5 Nc6) 42. c3 {Weighted Error Value: White=0.09/Black=0.34} 1-0